North America and Africa - Sudden Death - Statistics

General Stats
  • This quiz has been taken 25 times
  • The average score is 13 of 16
Answers on the Grid
Answers color-coded by a green-red scale on the quiz's grid according to % correct below.
Antigua and Barbuda
Azerbaijan
Barbados
Bhutan
Botswana
Cameroon
Chile
Costa Rica
Democratic Republic of the Congo
Dominican Republic
Ecuador
El Salvador
Egypt
F.S. Micronesia
Gabon
Grenada
Jamaica
Jordan
Kosovo
Lebanon
Maldives
North Macedonia
Panama
Papua New Guinea
Qatar
Solomon Islands
Somalia
Suriname
Tanzania
Trinidad and Tobago
Vanuatu
Yemen
 
Answer Stats
Answer % Correct
Africa Cameroon
100%
Africa Botswana
95%
Africa Democratic Republic of the Congo
95%
Africa Egypt
90%
North America Antigua and Barbuda
85%
North America Barbados
85%
Africa Tanzania
85%
North America Costa Rica
75%
North America Dominican Republic
75%
Africa Gabon
75%
North America Jamaica
75%
North America El Salvador
70%
North America Panama
70%
Africa Somalia
70%
North America Grenada
65%
North America Trinidad and Tobago
65%
No matching quizzes found
Score Distribution
Percent of People with Each Score
Percentile by Number Answered
Your Score History
You have not taken this quiz